Basic Electrical and Electronics Engineering/ (Record no. 207369)

MARC details
000 -LEADER
fixed length control field 00687nam a22002057a 4500
005 - DATE AND TIME OF LATEST TRANSACTION
control field 20241203153358.0
010 ## - LCCN (DPL NO)
LC control number ENG-142775
020 ## - INTERNATIONAL STANDARD BOOK NUMBER
International Standard Book Number 9789364441070
Terms of availability 675.00
035 ## - SYSTEM CONTROL NUMBER
System control number EN-126307
037 ## - SOURCE OF ACQUISITION
Source of stock number/acquisition DBAD
082 ## - DEWEY DECIMAL CLASSIFICATION NUMBER
Classification number 621.381
Edition number 2
100 ## - MAIN ENTRY--PERSONAL NAME
Personal name Muthusubramanian, R.
245 ## - TITLE STATEMENT
Title Basic Electrical and Electronics Engineering/
Statement of responsibility, etc by R. Muthusubramanian [and] S Salivahanan
250 ## - EDITION STATEMENT
Edition statement 2
260 ## - PUBLICATION, DISTRIBUTION, ETC. (IMPRINT)
Place of publication, distribution, etc Chennai
Name of publisher, distributor, etc McGraw Hill Education Private Ltd
Date of publication, distribution, etc 2024
270 ## - ADDRESS
Address Anjana Complex No. 5/90 A, Butt Road, St Thomas Mount
City Chennai
Postal code 600016
300 ## - PHYSICAL DESCRIPTION
Extent xv,671p.
Dimensions 22cm(pb)
700 ## - ADDED ENTRY--PERSONAL NAME
Personal name Salivahanan, S
Relator term Author
9 (RLIN) 74600
942 ## - ADDED ENTRY ELEMENTS (KOHA)
Source of classification or shelving scheme Dewey Decimal Classification
Item type English Books
Call number suffix MUT
Classification part 621.381
Holdings
Withdrawn status Lost status Not for loan Collection code Home library Current library Date acquired Source of acquisition Cost, normal purchase price Full call number Barcode Copy number Cost, replacement price Koha item type
      Non-fiction Ashok Vihar Ashok Vihar 03/12/2024 Delivery of Books Act Division 675.00 MUT 621.381 EN-126307 1 675.00 English Books

© Delhi Public Library
Hit Counter
free hit counter